[Event "CFriend AT-2005-0-00248 email"]
[Site "Chessfriend.com"]
[Date "2005.07.18"]
[Round "1"]
[White "Carlomagno, Rosanna"]
[Black "Sabobo, Wilfredo"]
[Result "1-0"]
[WhiteElo "1931"]
[BlackElo "1657"]
[PlyCount "29"]
[EventDate "2005.??.??"]
[EventType "tourn (corr)"]
[EventRounds "2"]
[SourceTitle "Corr 2024"]
[Source "ChessBase"]
[SourceDate "2023.10.19"]
[SourceVersion "1"]
[SourceVersionDate "2023.10.19"]
[SourceQuality "1"]

1. e4 c5 2. Nf3 Nc6 3. d4 cxd4 4. Nxd4 Qb6 5. Nb5 Nf6 6. Be3 Qa5+ 7. Qd2 Qd8 8. f3 a6 9. Nd4 e6 10. Nc3 d6 11. Nxc6 bxc6 12. 0-0-0 Be7 13. Be2 Rb8 14. Na4 0-0 15. Ba7 1-0

[Event "CFriend AT-2005-0-00225 email"]
[Site "Chessfriend.com"]
[Date "2005.06.28"]
[Round "1"]
[White "Bor, Gonchigsuren"]
[Black "Sabobo, Wilfredo"]
[Result "0-1"]
[WhiteElo "1803"]
[BlackElo "1657"]
[PlyCount "22"]
[EventDate "2005.??.??"]
[EventType "tourn (corr)"]
[EventRounds "2"]
[SourceTitle "Corr 2024"]
[Source "ChessBase"]
[SourceDate "2023.10.19"]
[SourceVersion "1"]
[SourceVersionDate "2023.10.19"]
[SourceQuality "1"]

1. c4 Nf6 2. Nc3 g6 3. g3 Bg7 4. Bg2 0-0 5. d4 d6 6. Nf3 a6 7. 0-0 Nbd7 8. Be3 Nb6 9. Qb3 Ng4 10. Bd2 c5 11. dxc5 dxc5 0-1